| 000 | 00808nam a2200229Ii 4500 | ||
|---|---|---|---|
| 003 | JO-AjNU | ||
| 008 | 230605s9999||||xx |||||||||||||| ||und|| | ||
| 017 | _a2011/19362 | ||
| 020 | _a977-15-654-4 | ||
| 040 |
_aJO-AjNU _bara _erda _cJO-AjNU |
||
| 041 | _aara | ||
| 050 | 1 | 4 | _aKRM4630.2012 |
| 100 | 3 |
_aعبيد، رؤوف, _eauthor _934335 |
|
| 245 | 0 | 0 | _aمركز الدعوى المدنية أمام القضاء الجنائي |
| 250 | _aط1 | ||
| 264 | 3 | 1 | _aالاسكندرية : مكتبة الوفاء القانونية، 2012 |
| 300 | _a124ص | ||
| 336 |
_atext _btxt _2rdacontent |
||
| 337 |
_aunmediated _bn _2rdamedia |
||
| 338 |
_avolume _bnc _2rdacarrier |
||
| 650 | 4 |
_aالدعوى المدنية -- قوانين وتشريعات -- مصر-- القضاء الجنائي -- مصر _934336 |
|
| 999 |
_aA14069 _c17637 _d17637 |
||